000
00315nam a22001337a 4500
008
170619b xxu||||| |||| 00| 0 eng d
020
_a
06674634098
041
_a
eng
080
_a
32
100
_a
20
101
_a
SHP
245
_a
ON THE AUTONOMY OF THE DEMOCRACY STATE
_c
NORDLINGER.E.A
942
_2
udc
_c
BK
999
_c
18119
_d
18119